| 000 | 00646 a2200205 4500 | ||
|---|---|---|---|
| 999 |
_c6825 _d6825 |
||
| 003 | OSt | ||
| 005 | 20210319125928.0 | ||
| 008 | 210319b ||||| |||| 00| 0 eng d | ||
| 020 | _a9780199582518 | ||
| 040 | _cDLC | ||
| 082 |
_a531 LAN _b2010 |
||
| 100 |
_aLange, O L .de _913984 |
||
| 245 |
_aSolved problems in classical mechanics : _banalytical and numerical solutions with comments / _cO.L. de Lange, J.Pierrus |
||
| 260 |
_aOxford _bOxford University Press _c2010 |
||
| 300 |
_avi,599p; _bill : _c25cm. |
||
| 505 | _aIncludes index and bibliographical references | ||
| 650 | _2Physics | ||
| 700 |
_aPierrus, J _913985 |
||
| 942 |
_2ddc _cO_SHELF |
||